| 000 | 00500cab a2200205 4500 | ||
|---|---|---|---|
| 001 | X97501 | ||
| 008 | 090401t1999 xxu||||| |||| 00| 0 eng d | ||
| 035 | _a(Sirsi) u92178 | ||
| 041 | _aeng | ||
| 245 | _aLancaster v Bird | ||
| 260 | _c1999 | ||
| 350 | _a0 | ||
| 490 |
_aConstruction Industry Law Letter _v[1999] CILL 1479-1480(2) |
||
| 650 | _aBUILDING WORKS | ||
| 650 | _aLANCASTER V BIRD | ||
| 650 | _aVALUE ADDED TAX | ||
| 690 | _aTAXATION-CASE LAW | ||
| 942 | _n0 | ||
| 948 | _c17/03/1999 | ||
| 999 |
_c58441 _d58441 |
||